000 01206nam a22002177a 4500
003 OSt
005 20251121132911.0
008 251121b |||||||| |||| 00| 0 eng d
040 _cDCL
082 _a၂၉၄.၃၈၂၄၃
130 _aတိပိဋက။
_pအဘိဓမ္မာပိဋက။
_tပဥ္စကရဏ၊
_lအဋ္ဌကထာ၊
_sနိဿယ။
245 _aပဥ္စကရဏအဋ္ဌကထာနိဿယ၊
_nပထမတွဲ /
_cဂူကြီးဆရာတော်ဘုရားကြီး။
264 _aရန်ကုန် ၊
_bဇမ္ဗူမိတ်ဆွေပိဋ္ဌကတ်တိုက်၊
_c၁၉၁၆။
300 _a၅၇၀ စာမျက်နှာ ၊
_c၂၅ စင်တီ။
650 _aပဥ္စကရဏ
_vအဋ္ဌကထာနိဿ။
650 _aဓာတုကထာ
_vအဋ္ဌကထာနိဿ။
650 _aပုဂ္ဂလပညတ်
_xအဋ္ဌကထာနိဿ။
650 _aကထာဝတ္ထု
_xအဋ္ဌကထာနိဿ။
700 _aဂူကြီးဆရာတော်ဘုရားကြီး။
942 _2ddc
_cSHORT TERM
_n0
999 _c2568
_d2568